[Event "Leiden SB-ch 1920"]
[Site "Leiden"]
[Date "2021.07.09"]
[Round "7"]
[White "Helfferich, Gert"]
[Black "Uittenbogaard, Rob"]
[Result "1-0"]
[WhiteElo "1097"]
[BlackElo "1563"]
[PlyCount "65"]
[EventDate "2019.11.08"]
[EventType "swiss"]
[EventRounds "7"]
[EventCountry "NED"]
[SourceTitle "EXT 2023"]
[Source "ChessBase"]
[SourceDate "2022.10.05"]
[SourceVersion "1"]
[SourceVersionDate "2022.10.05"]
[SourceQuality "1"]

1. e4 c5 2. Nf3 d6 3. Bc4 e6 4. d3 Nc6 5. 0-0 Be7 6. c3 a6 7. a4 Bd7 8. Ne1 Qc7 9. Nd2 Ne5 10. Ba2 Nf6 11. f4 Neg4 12. Rf3 h5 13. Rg3 h4 14. Rxg4 Nxg4 15. Qxg4 0-0-0 16. Qxg7 d5 17. e5 Rdf8 18. Qg4 d4 19. Ne4 Bc6 20. cxd4 Rfg8 21. Qf3 Bxe4 22. dxe4 cxd4 23. Bd2 Kb8 24. Rc1 Qb6 25. Nd3 Qd8 26. b4 Rg3 27. hxg3 hxg3 28. Qxg3 Bh4 29. Qf3 Rg8 30. Be1 Bxe1 31. Rxe1 Rh8 32. Nf2 Ka7 33. Rd1 1-0

[Event "Leiden SB-ch 1920"]
[Site "Leiden"]
[Date "2019.11.29"]
[Round "2"]
[White "Vleming, Stefan"]
[Black "Helfferich, Gert"]
[Result "1-0"]
[WhiteElo "1774"]
[BlackElo "1097"]
[PlyCount "64"]
[EventDate "2019.11.08"]
[EventType "swiss"]
[EventRounds "7"]
[EventCountry "NED"]
[SourceTitle "EXT 2023"]
[Source "ChessBase"]
[SourceDate "2022.10.05"]
[SourceVersion "1"]
[SourceVersionDate "2022.10.05"]
[SourceQuality "1"]

1. d4 d5 2. c4 e6 3. Nc3 Bb4 4. Nf3 Nf6 5. e3 Bxc3+ 6. bxc3 0-0 7. Bd3 c6 8. 0-0 Ne4 9. Qc2 f5 10. Ba3 Re8 11. Nd2 Nf6 12. cxd5 cxd5 13. Rab1 a6 14. c4 Nbd7 15. c5 Nf8 16. Rb6 Ne4 17. Bxe4 fxe4 18. f3 Qg5 19. Qb3 Nd7 20. Rd6 Nf6 21. fxe4 dxe4 22. Rf4 Kh8 23. Nc4 Qh5 24. Ne5 Qe2 25. h3 Qe1+ 26. Kh2 Nh5 27. Rg4 Rf8 28. Rd8 Kg8 29. Rxf8+ Kxf8 30. c6+ Kg8 31. cxb7 Bxb7 32. Qxe6+ Kh8 1-0

[Event "Leiden SB-ch"]
[Site "Leiden"]
[Date "2007.05.15"]
[Round "1"]
[White "Helfferich, Gert"]
[Black "Volders, Wessel"]
[Result "0-1"]
[WhiteElo "1012"]
[BlackElo "1883"]
[PlyCount "52"]
[EventDate "2007.05.15"]
[EventType "swiss"]
[EventRounds "7"]
[EventCountry "NED"]
[SourceTitle "EXT 2012"]
[Source "ChessBase"]
[SourceDate "2011.11.24"]
[SourceVersion "1"]
[SourceVersionDate "2011.11.24"]
[SourceQuality "1"]

1. e4 e5 2. Nf3 Nc6 3. Bc4 Bc5 4. 0-0 d6 5. Nc3 Nf6 6. d3 h6 7. Bb5 0-0 8. Nd5 Bg4 9. c3 a6 10. Ba4 Nxd5 11. exd5 Ne7 12. c4 f5 13. Bc2 Ng6 14. Re1 Nh4 15. Be3 Bb4 16. Rf1 f4 17. a3 Bxf3 18. Qxf3 Nxf3+ 19. gxf3 fxe3 20. fxe3 Bc5 21. Rae1 Qg5+ 22. Kf2 Rf6 23. d4 exd4 24. f4 dxe3+ 25. Ke2 Qg2+ 26. Kd1 Qd2# 0-1

[Event "Leiden SB-ch"]
[Site "Leiden"]
[Date "2006.05.30"]
[Round "3"]
[White "Helfferich, Gert"]
[Black "Van der Heijden, Jaap"]
[Result "0-1"]
[WhiteElo "944"]
[BlackElo "1727"]
[PlyCount "36"]
[EventDate "2006.05.16"]
[EventType "swiss"]
[EventRounds "7"]
[EventCountry "NED"]
[SourceTitle "EXT 2012"]
[Source "ChessBase"]
[SourceDate "2011.11.24"]
[SourceVersion "1"]
[SourceVersionDate "2011.11.24"]
[SourceQuality "1"]

1. e4 c5 2. Nf3 e6 3. d4 cxd4 4. Nxd4 a6 5. Bd3 Nc6 6. c3 Bc5 7. Nf3 h6 8. b4 Ba7 9. 0-0 Nf6 10. e5 Nd5 11. c4 Ndxb4 12. Be2 Ne7 13. a3 Nbc6 14. Bb2 Qc7 15. Re1 Qb6 16. Bd4 Nxd4 17. Nxd4 Qxd4 18. Qxd4 Bxd4 0-1